[Event "Bugojno"]
[Site "Bugojno"]
[Date "1978.??.??"]
[Round "4"]
[White "Portisch, Lajos"]
[Black "Huebner, Robert"]
[Result "0-1"]
[WhiteElo "2630"]
[BlackElo "2595"]

1.d4 Nf6 2.c4 e6 3.Nc3 Bb4 4.e3 b6 5.Ne2 Ba6 6.a3 Bxc3+ 7.Nxc3 d5 8.b4 O-O
9.b5 Bb7 10.cxd5 Nxd5 11.Nxd5 Qxd5 12.f3 a6 13.Bd3 f5 14.a4 axb5 15.Ba3 b4
16.Bxb4 Rf7 17.Rc1 Ba6 18.Bc2 Nc6 19.Bb3 Qd7 20.Bc3 Ne7 21.Kf2 Nd5 22.Bd2 Qd6
23.Qc2 Bb7 24.Qc4 Rf6 25.g3 h5 26.Rhd1 h4 27.Rg1 Raf8 28.a5 Rh6 29.axb6 cxb6
30.Ra1 Kh7 31.Ra7 Qb8 32.Raa1 Nf6 33.Bd1 Qd6 34.Qc2 hxg3+ 35.hxg3 Rh3 36.Rc1 Rf7
37.Be2 Ne4+ 38.fxe4 fxe4+ 39.Ke1 Qxg3+  0-1

[Event "Bugojno"]
[Site "Bugojno"]
[Date "1978.??.??"]
[Round "8"]
[White "Karpov, Anatoly"]
[Black "Tal, Mihail"]
[Result "1/2-1/2"]
[WhiteElo "2725"]
[BlackElo "2625"]

1.d4 Nf6 2.c4 e6 3.Nc3 Bb4 4.e3 O-O 5.Bd3 d5 6.Ne2 c5 7.cxd5 cxd4 8.exd4 Nxd5
9.O-O Nc6 10.a3 Bd6 11.Ne4 Be7 12.Qc2 Bd7 13.Nc5 h6 14.b4 Bf6 15.Bb2 Qc7
16.Rac1 Bg5 17.Rcd1 Rac8 18.Qb3 Nce7 19.b5 Rfd8 20.a4 Be8 21.g3 b6 22.Ne4  1/2-1/2

[Event "Bugojno"]
[Site "Bugojno"]
[Date "1978.??.??"]
[Round "8"]
[White "Ivkov, Borislav"]
[Black "Spassky, Boris V"]
[Result "1/2-1/2"]
[WhiteElo "2515"]
[BlackElo "2630"]

1.d4 Nf6 2.c4 e6 3.Nc3 Bb4 4.Qc2 O-O 5.Nf3 c5 6.dxc5 Na6 7.e3 Nxc5 8.Bd2 b6
9.Be2 Bb7 10.O-O Nce4 11.Nxe4 Bxe4 12.Bd3 Bxd3 13.Qxd3 Bxd2 14.Qxd2 Rc8  1/2-1/2

[Event "Bugojno"]
[Site "Bugojno"]
[Date "1978.??.??"]
[Round "13"]
[White "Bukic, Enver"]
[Black "Ivkov, Borislav"]
[Result "1-0"]
[WhiteElo "2500"]
[BlackElo "2515"]

1.d4 Nf6 2.c4 e6 3.Nf3 b6 4.g3 Bb7 5.Bg2 Bb4+ 6.Bd2 Be7 7.Nc3 O-O 8.O-O d5
9.Ne5 Na6 10.Rc1 c5 11.dxc5 Nxc5 12.cxd5 exd5 13.Be3 Re8 14.Bd4 Ne6 15.e3 Nxd4
16.exd4 Ne4 17.Nb5 Bd6 18.Nxd6 Qxd6 19.Qa4 f6 20.Nd3 Re7 21.Rc2 a5 22.Rfc1 Rae8
23.b4 axb4 24.Qxb4 Qd8 25.Qb3 Ba6 26.Nb2 Kh8 27.h4 g5 28.hxg5 fxg5 29.Na4 Re6
30.Rc6 Nd2 31.Qxb6 Qxb6 32.Rxb6 Re1+ 33.Rxe1 Rxe1+ 34.Kh2 Bc4 35.Nc3 g4 36.Nxd5 Nf3+
37.Bxf3 gxf3 38.Nf4 Bxa2 39.d5 Rd1 40.d6 Kg7 41.Kh3 Kf6 42.Kg4 Ke5 43.Kxf3 Rxd6
44.Rb7 h6 45.Kg4 Bc4 46.Re7+ Kf6 47.Rh7 Ke5 48.Rc7 Bb3 49.Ng2 Bd1+ 50.Kh4 Bf3
51.Ne3 Rf6 52.Re7+ Kd6 53.Re8 Bc6 54.Rd8+ Ke7 55.Rd2 Bf3 56.g4 Kf7 57.Kg3 Be4
58.f4 Ra6 59.Rd4 Ba8 60.Nc4 Kf6 61.Ne5 Ra3+ 62.Kh4 Bg2 63.Rd6+ Kg7 64.Rd7+ Kf6
65.Rd6+ Kg7 66.Rd7+ Kf6 67.Rf7+ Ke6 68.Kh5 Rh3+ 69.Kg6 Be4+ 70.Kg7 h5 71.g5 Rb3
72.Ng6 Rf3 73.Nh4 Rh3 74.f5+ Kd6 75.Ng6 Rg3 76.Kf6 Rf3 77.Ne7 h4 78.g6 h3
79.Rh7 Bb1 80.g7 Ba2 81.g8=Q Bxg8 82.Nxg8 Kd5 83.Rh4  1-0